| 000 | 00929nam a2200229 a 4500 | ||
|---|---|---|---|
| 001 | 000880733 | ||
| 003 | AM-YeHGA | ||
| 005 | 20250617163034.0 | ||
| 008 | 120402s1959 ru r 000 0 rus d | ||
| 040 | _aAM-YeHGA | ||
| 041 | 0 | _arus | |
| 100 | 1 | _aЧернова, Е.П. | |
| 245 | 1 | 0 |
_aПоляника (Rubus arcticus L.) и ее введение в культуру / _cЕ.П. Чернова; Отв. ред. И.Т. Васильченко; АН СССР, Ботан. ин-т им. В.Л. Комарова. |
| 260 |
_aМ. ; _aЛ. : _bИзд. АН СССР, _c1959. |
||
| 300 |
_a36 с. : _bрис., табл. ; _c20 см. |
||
| 504 | _aБиблиогр.: с. 34 | ||
| 650 | 1 | 4 | _aЯгодные культуры |
| 650 | 1 | 4 | _aПоляника |
| 700 | 1 |
_aВасильченко, И.Т. _eред. _4edt |
|
| 710 | 2 | _aБотанический институт им. В.Л. Комарова АН СССР | |
| 090 | _c503346 | ||
| 999 |
_c499935 _d499935 |
||